Statistics for business and economics

Αποθηκεύτηκε σε:
Λεπτομέρειες βιβλιογραφικής εγγραφής
Κύριος συγγραφέας: Newbold, Paul
Μορφή: Βιβλίο
Γλώσσα:English
Δημοσίευση: Englewood Cliffs, N.J. : Prentice-Hall, c1984
Θέματα:
Ετικέτες: Προσθήκη ετικέτας
Δεν υπάρχουν, Καταχωρήστε ετικέτα πρώτοι!

MARC

LEADER 00000cam a2200000 i 4500
001 1/30991
008 950808s1984 eng d
020 |a 0138451400 
035 |l 10023500 
040 |a GR-MY-UA  |b gre  |e aacr 
041 0 |a eng 
082 0 |a 519.5  |2 (19) 
100 1 |a Newbold, Paul. 
245 1 0 |a Statistics for business and economics /  |c Paul Newbold 
260 |a Englewood Cliffs, N.J. :   |b Prentice-Hall,   |c c1984 
300 |a xvi, 895 p.;  |b ill.;  |c 24 cm 
504 |a Includes bibliographical references and index 
650 0 0 |a Commercial statistics. 
650 0 0 |a Economics  |x Statistical methods. 
650 0 0 |a Statistics. 
852 |a INST  |b CHIOS  |e 19950808  |h 519.5 NEW  |p 005200001229  |q 005200001229  |t BK  |y 0 
909 |a Χ  |b 013340